| 000 | 02567nam a22004217a 4500 | ||
|---|---|---|---|
| 003 | DO-SdBNP | ||
| 005 | 20260116073830.0 | ||
| 008 | 110301s2007 sp 000 0 spa d | ||
| 020 | _a9788449422553 (O.C) | ||
| 020 | _a9788449422560 (v. I) | ||
| 020 | _a9788449422577 (v. 2) | ||
| 020 | _a97884494222584 (v. 3) | ||
| 020 | _a9788449422591 (v. 4) | ||
| 020 | _a9788449422607 (v. 5) | ||
| 020 | _a9788449422614 (v. 6) | ||
| 020 | _a9788449422621 (v. 7) | ||
| 020 | _a9788449422638 (v. 8) | ||
| 040 |
_aDO-SdBNP _bspa _cBNPHU |
||
| 082 | 4 |
_a302.2 _bB582p _222 |
|
| 245 | 0 | 0 |
_aBiblioteca práctica de comunicación / _cedición, José Ma. Díaz de Mendivil ; dirección, Carlos de Gispert |
| 246 | 3 | 4 | _aMáster biblioteca práctica de comunicación |
| 260 |
_aBarcelona, España : _bOceano, _c2007. |
||
| 300 |
_a8 v. : _c24 cm. _e+ CD ROOM |
||
| 505 | 0 |
_gv.1. _gAutodominio -- _tEl conocimiento de uno mismo -- _tCómo mejorar la autoestima -- _tCómo mejorar la seguridad en uno mismo-- _gv. 2 -- _gAprendizaje -- _tLa capacidad de aprender -- _tEl aprendizaje de calidad -- _tEl estudio -- _gv. 3 -- _gLectura y memorización -- _tLa memoria -- _tLa lectura -- _tEjercicios complementarios -- _gv. 4 -- _gExpresión oral -- _tLa comunicación humana -- _tLas situaciones de comunicación -- _tSoluciones a los ejercicios -- _gv. 5 -- _gExpresión escrita -- _tLa preparación y el estilo -- _tEscribir en clase -- _tEscribir en el trabajo -- _tEscribir en sociedad -- _gv. 6 -- _gVocabulario -- _tEl significado de las palabras -- _t¿Cómo se forman las palabras? -- _tLos diccionarios -- _tSoluciones a los ejercicios -- _gv. 7 -- _gGramática -- _tLas partes de la oración -- _tLa oración -- _tSoluciones a los ejercicios -- _tAnálisis de las oraciones -- _gv. 8 -- _gOrtografía -- _tNociones generales -- _tLos errores más comunes -- _tLa acentuación -- _tLa puntuación / |
|
| 590 | _aInventariado, 2022/ YL | ||
| 650 | 4 |
_aComunicación oral _981619 _xProblemas, ejercicios, etc. |
|
| 650 | 4 |
_aHablar en público _xProblemas, ejercicios, etc. _981620 |
|
| 650 | 4 |
_aOrtografía _xProblemas, ejercicios, etc. _99599 |
|
| 650 | 0 |
_aAutoestima _xGramática. _9212 |
|
| 650 | 4 |
_aEspañol _981621 _xOrtografía. |
|
| 650 | 4 |
_aOrtografía. _xProblemas, ejercicios, etc. _981623 |
|
| 650 | 4 |
_aComposición y ejercicios. _vProblemas, ejercicios, etc. _981624 |
|
| 700 | 1 | 2 |
_a Díaz de Mendivil , José Ma. _eed. _981625 |
| 700 | 1 | 2 |
_aGispert, Carlos de, _eed. _933561 |
| 700 | 1 | 2 |
_aGispert, Carlos de _933561 |
| 910 | _aYLockward/Validado. Control de calidad MFF | ||
| 942 |
_2ddc _cLBS1 |
||
| 999 |
_c51732 _d51732 |
||